[Event "IECG CM.2002.0.00173 email"]
[Site "IECG email"]
[Date "2002.03.15"]
[Round "?"]
[White "Mauro, Lucio"]
[Black "Shugalya, Ivan"]
[Result "1/2-1/2"]
[WhiteElo "2367"]
[BlackElo "2359"]
[PlyCount "64"]
[EventDate "2002.03.15"]
[EventType "tourn (corr)"]
[EventRounds "6"]
[SourceTitle "Corr 2008"]
[Source "ChessBase"]
[SourceDate "2008.06.24"]
[SourceVersion "1"]
[SourceVersionDate "2008.06.24"]
[SourceQuality "1"]

1. d4 d5 2. c4 c6 3. Nf3 Nf6 4. Nc3 e6 5. Bg5 h6 6. Bh4 Nbd7 7. e3 Be7 8. Qc2 0-0 9. Rd1 b6 10. Bd3 Bb7 11. 0-0 c5 12. dxc5 dxc4 13. Bxc4 Qc7 14. Be2 Nxc5 15. Rc1 Rad8 16. b4 Bxf3 17. Bxf3 Nd3 18. Nd5 Nxd5 19. Qxd3 Qd7 20. Bxe7 Qxe7 21. b5 Nf4 22. Qc3 Nd3 23. Rcd1 Nc5 24. a3 Rxd1 25. Rxd1 Rd8 26. Rd4 Rd6 27. Bd1 e5 28. Rxd6 Qxd6 29. Bc2 Kf8 30. Qb4 Ke7 31. h3 Ne6 32. Qa4 Qd7 1/2-1/2

[Event "IECG CM.2002.0.00173 email"]
[Site "IECG email"]
[Date "2002.03.15"]
[Round "?"]
[White "Shugalya, Ivan"]
[Black "Goins, David A"]
[Result "0-1"]
[WhiteElo "2359"]
[BlackElo "2363"]
[PlyCount "70"]
[EventDate "2002.03.15"]
[EventType "tourn (corr)"]
[EventRounds "6"]
[SourceTitle "Corr 2008"]
[Source "ChessBase"]
[SourceDate "2008.06.24"]
[SourceVersion "1"]
[SourceVersionDate "2008.06.24"]
[SourceQuality "1"]

1. e4 c5 2. c3 e6 3. Nf3 d5 4. exd5 exd5 5. d4 Nc6 6. Bb5 Bd6 7. dxc5 Bxc5 8. 0-0 Nge7 9. Nbd2 0-0 10. Nb3 Bb6 11. Re1 Nf5 12. Bd3 Bc7 13. Qc2 Nh4 14. Nbd4 Qd6 15. g3 Nxf3+ 16. Nxf3 Qf6 17. Nh4 h6 18. Be3 Be6 19. Rad1 Rfe8 20. Nf5 Ne5 21. Nd4 Bb6 22. Be2 Bh3 23. Bf4 Nc6 24. Nxc6 bxc6 25. Qd2 g5 26. Be3 Rxe3 27. fxe3 Re8 28. Bf1 Bxf1 29. Rxf1 Bxe3+ 30. Qxe3 Qxf1+ 31. Kxf1 Rxe3 32. Kf2 Re4 33. Rd2 f5 34. Kf3 Kf7 35. Kf2 Ke6 0-1